| 000 | 00722nam a2200229 a 4500 | ||
|---|---|---|---|
| 001 | 2046750 | ||
| 003 | AM-YEHGA | ||
| 005 | 20260408151627.0 | ||
| 008 | 260126s1998 ru |||||||||||||||||rus|d | ||
| 020 | _a5-7762-0049-0 | ||
| 040 | _aAM-YEHGA | ||
| 041 | 0 | _arus | |
| 100 | 1 | _aПолищук, Виктор Иванович | |
| 245 | 1 | 0 |
_aКультурология : _bУчебное пособие для студентов вузов / _cВ.И. Полищук. |
| 260 |
_aМосква : _bГардарика, _c1998. |
||
| 300 | _a448 с. | ||
| 440 | 0 | _aDisciplinae | |
| 504 | _aБиблиогр.: с. 436-441 | ||
| 650 | 1 | 4 |
_aКультура _95174 |
| 650 | 1 | 4 | _aКультурология |
| 942 |
_2udc _cBK |
||
| 999 |
_c540495 _d540495 |
||